000 00450nam a2200181Ia 4500
001 3333
005 20260306145635.0
008 260306t2007||||xx |||||||||||||| ||spa||
041 _aESP
082 _a270
_bC76
100 _aComby, Jean
_eAUT
245 0 _aLa historia de la iglesia:
_bdesde los orígenes hasta el siglo XXI
260 _c2007
300 _a455 páginas :
_c22 cm.
650 _aGEN
654 _aCHU
942 _cLIB
_dJUS
_fJUS
_2ddc
_n
999 _c3333
_d3333